Normal view
MARC view
- Hijos de trabajadores agrícolas
Entry Materia
001 - NÚMERO DE CONTROL DEL REGISTRO
- campo de control: 21937
003 - IDENTIFICADOR DE NUMERO DE CONTROL
- campo de control: UPN
005 - FECHA Y HORA DE LA ÚLTIMA TRANSACCIÓN
- campo de control: 20221123092923.0
008 - DATOS DE LONGITUD FIJA
- campo de control de longitud fija: 221123n||acnnnbabn | ana |d
035 ## - NÚMERO DE CONTROL DEL SISTEMA
- Número de control del sistema: UPN10000021946
040 ## - FUENTE DE LA CATALOGACIÓN
- Centro catalogador de origen: UPN
- Lengua de catalogación: spa
- Agencia de transcripción: UPN
046 ## - FECHAS CON CODIFICACIÓN ESPECIAL
- Fecha final para contenidos agregados: 2022
150 ## - ENCABEZAMIENTO - TEMÁTICO
- Término de materia o nombre geográfico como elemento inicial: Hijos de trabajadores agrícolas
- Subdivisión de materia general: Educación
- Subdivisión geográfica: México
670 ## - FUENTE EN LA QUE SE LOCALIZARON DATOS
- Cita de la fuente: LC
- Información localizada: Children of agricultural laborers - Education - Mexico
902 ## - CATALOGADOR
- Catalogador: MMA/290513
